00569nam a2200169Ia 4500008004100000020001500041041000800056082001900064100002100083245008800104250000600192260003800198300001800236650001400254999001900268952011200287210716s1996 xx 000 0 und d a8170295661 aeng a005.26301 AITP aAitken, Peter G. aMicrosoft office for windows 95: the point and click guide.bPoint and click guide. a1 aNew DelhibBPB Publicationsc1996 axxxviii,408,8 aMS Office c183113d183113 001040708MCAaAIMITbAIMITd2021-07-16l0o005.26301 AITPpMCA02621r2026-05-23 00:00:00w2021-07-16yBK